Письма Иславиной С. Шиллингу М. Ф.

Доступно только в Электронных читальных залах Найти на картеНа карте
RUSMARC
00004178nac2a22002893x 450
001034ad42b-6119-4ae6-9610-149e94b4970a
00520211213234147.0
100##$a20211120l18971907k y0rusy50 ca
1010#$afre
$arus
102##$aRU
105##$ay z |||e|
1222#$ad18970202
$ad19071128
2001#$aПисьма Иславиной С. Шиллингу М. Ф.
$j02 февраля 1897 - 28 ноября 1907
215##$a10 листов
251##$cДело
300##$aНа папке дела даты не указаны
300##$aЧасть текста на французском языке
300##$aЛисты: 1 - конверт; 4, 7 - конверт с маркой; 7а - наклеен на л. 7 (конверт)
300##$aРукописный и типографский текст
330##$aВходит в раздел описи: 3. Документы о научной и литературной деятельности барона Шиллинга М. Ф.. Письма разных лиц Шиллингу М. Ф.
461#0$1001ff9fc58f-089b-437b-980d-902343bc59d8
$12001
$aШиллинг Маврикий Фабианович, барон, секретарь русского посольства в Вене
$1251
$cФонд
$1852
$j813
462#0$1001665c067c-d934-4316-b9df-5bf0ad49190b
$12001
$aДела постоянного хранения. 1817-1917
$vД. 260
$1251
$cОпись
$1852
$j1
600#1$aШиллинг
$bМ. Ф.
$cбарон
$gМаврикий Фабианович
600#1$aИславина
$bС.
801#0$aRU
$bGA_RF
801#1$aRU
$bГлавНИВЦ
$c20211120
$2rusmarc
801#2$aRU
$bПБ им. Б.Н. Ельцина
$c20211213
$gRCR
$2rusmarc
852##$aГА РФ
$j260
937##$d171559014
$hГАРФ
035##$aRuPRLIB51061070
856##$uhttp://readingroom.main.prlib.ru/item.aspx?id_node=n171559014&mode=full
Формат отображения